<?xml version="1.0" encoding="UTF-8"?>
<record
    xmlns:xsi="http://www.w3.org/2001/XMLSchema-instance"
    xsi:schemaLocation="http://www.loc.gov/MARC21/slim http://www.loc.gov/standards/marcxml/schema/MARC21slim.xsd"
    xmlns="http://www.loc.gov/MARC21/slim">

  <leader>00635nam a2200229Ia 4500</leader>
  <controlfield tag="005">20230224123253.0</controlfield>
  <controlfield tag="008">230125s9999    xx            000 0 und d</controlfield>
  <datafield tag="020" ind1=" " ind2=" ">
    <subfield code="a">9789353502232</subfield>
  </datafield>
  <datafield tag="041" ind1=" " ind2=" ">
    <subfield code="a">eng</subfield>
  </datafield>
  <datafield tag="082" ind1=" " ind2=" ">
    <subfield code="a">658.159</subfield>
    <subfield code="b">BRA</subfield>
  </datafield>
  <datafield tag="100" ind1=" " ind2=" ">
    <subfield code="a">Brandl M W</subfield>
    <subfield code="9">118341</subfield>
  </datafield>
  <datafield tag="245" ind1=" " ind2=" ">
    <subfield code="a">Money , Banking ,Financial   Markets and Institutions</subfield>
  </datafield>
  <datafield tag="250" ind1=" " ind2=" ">
    <subfield code="a">1st Ed.</subfield>
  </datafield>
  <datafield tag="260" ind1=" " ind2=" ">
    <subfield code="c">2019</subfield>
    <subfield code="b">Cengage Learning</subfield>
    <subfield code="a">India</subfield>
  </datafield>
  <datafield tag="300" ind1=" " ind2=" ">
    <subfield code="a">527p</subfield>
  </datafield>
  <datafield tag="500" ind1=" " ind2=" ">
    <subfield code="a">Financial institutions and markets
</subfield>
  </datafield>
  <datafield tag="650" ind1=" " ind2=" ">
    <subfield code="a">Financial institutions and markets</subfield>
    <subfield code="9">119819</subfield>
  </datafield>
  <datafield tag="700" ind1=" " ind2=" ">
    <subfield code="a">Brandl M W</subfield>
    <subfield code="9">118341</subfield>
  </datafield>
  <datafield tag="906" ind1=" " ind2=" ">
    <subfield code="b">124.75</subfield>
  </datafield>
  <datafield tag="942" ind1=" " ind2=" ">
    <subfield code="c">BK</subfield>
  </datafield>
  <datafield tag="999" ind1=" " ind2=" ">
    <subfield code="c">96369</subfield>
    <subfield code="d">96369</subfield>
  </datafield>
  <datafield tag="952" ind1=" " ind2=" ">
    <subfield code="0">0</subfield>
    <subfield code="1">0</subfield>
    <subfield code="4">0</subfield>
    <subfield code="7">0</subfield>
    <subfield code="a">HIMR</subfield>
    <subfield code="b">HIMR</subfield>
    <subfield code="d">2021-03-08</subfield>
    <subfield code="e">Forward Books</subfield>
    <subfield code="g">499.00</subfield>
    <subfield code="i">11358</subfield>
    <subfield code="l">0</subfield>
    <subfield code="o">658.159 BRA B20589</subfield>
    <subfield code="p">HIMR-BK-20589</subfield>
    <subfield code="r">2023-01-25 00:00:00</subfield>
    <subfield code="v">374.25</subfield>
    <subfield code="w">2021-03-05</subfield>
    <subfield code="y">BK</subfield>
    <subfield code="z">B20589</subfield>
  </datafield>
  <datafield tag="952" ind1=" " ind2=" ">
    <subfield code="0">0</subfield>
    <subfield code="1">0</subfield>
    <subfield code="4">0</subfield>
    <subfield code="7">0</subfield>
    <subfield code="a">HIMR</subfield>
    <subfield code="b">HIMR</subfield>
    <subfield code="d">2020-02-28</subfield>
    <subfield code="e">Forward Books</subfield>
    <subfield code="g">499.00</subfield>
    <subfield code="i">11225</subfield>
    <subfield code="l">1</subfield>
    <subfield code="o">658.159 BRA B20065</subfield>
    <subfield code="p">HIMR-BK-20065</subfield>
    <subfield code="r">2026-05-12 11:44:51</subfield>
    <subfield code="s">2026-03-09</subfield>
    <subfield code="v">359.28</subfield>
    <subfield code="w">2023-01-25</subfield>
    <subfield code="y">BK</subfield>
    <subfield code="z">B20065</subfield>
  </datafield>
  <datafield tag="952" ind1=" " ind2=" ">
    <subfield code="0">0</subfield>
    <subfield code="1">0</subfield>
    <subfield code="4">0</subfield>
    <subfield code="7">0</subfield>
    <subfield code="a">HIMR</subfield>
    <subfield code="b">HIMR</subfield>
    <subfield code="d">2020-02-28</subfield>
    <subfield code="e">Forward Books</subfield>
    <subfield code="g">499.00</subfield>
    <subfield code="i">11225</subfield>
    <subfield code="l">0</subfield>
    <subfield code="o">658.159 BRA B20066</subfield>
    <subfield code="p">HIMR-BK-20066</subfield>
    <subfield code="r">2023-01-25 00:00:00</subfield>
    <subfield code="v">359.28</subfield>
    <subfield code="w">2023-01-25</subfield>
    <subfield code="y">BK</subfield>
    <subfield code="z">B20066</subfield>
  </datafield>
  <datafield tag="952" ind1=" " ind2=" ">
    <subfield code="0">0</subfield>
    <subfield code="1">0</subfield>
    <subfield code="4">0</subfield>
    <subfield code="7">0</subfield>
    <subfield code="a">HIMR</subfield>
    <subfield code="b">HIMR</subfield>
    <subfield code="d">2020-02-28</subfield>
    <subfield code="e">Forward Books</subfield>
    <subfield code="g">499.00</subfield>
    <subfield code="i">11225</subfield>
    <subfield code="l">0</subfield>
    <subfield code="o">658.159 BRA B20067</subfield>
    <subfield code="p">HIMR-BK-20067</subfield>
    <subfield code="r">2023-01-25 00:00:00</subfield>
    <subfield code="v">359.28</subfield>
    <subfield code="w">2023-01-25</subfield>
    <subfield code="y">BK</subfield>
    <subfield code="z">B20067</subfield>
  </datafield>
  <datafield tag="952" ind1=" " ind2=" ">
    <subfield code="0">0</subfield>
    <subfield code="1">0</subfield>
    <subfield code="4">0</subfield>
    <subfield code="7">0</subfield>
    <subfield code="a">HIMR</subfield>
    <subfield code="b">HIMR</subfield>
    <subfield code="d">2020-02-28</subfield>
    <subfield code="e">Forward Books</subfield>
    <subfield code="g">499.00</subfield>
    <subfield code="i">11225</subfield>
    <subfield code="l">0</subfield>
    <subfield code="o">658.159 BRA B20068</subfield>
    <subfield code="p">HIMR-BK-20068</subfield>
    <subfield code="r">2023-01-25 00:00:00</subfield>
    <subfield code="v">359.28</subfield>
    <subfield code="w">2023-01-25</subfield>
    <subfield code="y">BK</subfield>
    <subfield code="z">B20068</subfield>
  </datafield>
  <datafield tag="952" ind1=" " ind2=" ">
    <subfield code="0">0</subfield>
    <subfield code="1">0</subfield>
    <subfield code="4">0</subfield>
    <subfield code="7">0</subfield>
    <subfield code="a">HIMR</subfield>
    <subfield code="b">HIMR</subfield>
    <subfield code="d">2020-02-28</subfield>
    <subfield code="e">Forward Books</subfield>
    <subfield code="g">499.00</subfield>
    <subfield code="i">11225</subfield>
    <subfield code="l">0</subfield>
    <subfield code="o">658.159 BRA B20069</subfield>
    <subfield code="p">HIMR-BK-20069</subfield>
    <subfield code="r">2023-01-25 00:00:00</subfield>
    <subfield code="v">359.28</subfield>
    <subfield code="w">2023-01-25</subfield>
    <subfield code="y">BK</subfield>
    <subfield code="z">B20069</subfield>
  </datafield>
</record>
